[Event "Russian Women's Higher League 2021"]
[Site "?"]
[Date "2021.06.29"]
[Round "4.21"]
[White "Baisheva, Nyurguiaana"]
[Black "Iljushina, Olga"]
[Result "1/2-1/2"]
[WhiteElo "1782"]
[BlackElo "2150"]
[Annotator ""]
[Source ""]
[Remark ""]

1.e4 {[%clk 1:30:57]} e5 {[%clk 1:30:55]} 2.Nf3 {[%clk 1:31:22]}
Nc6 {[%clk 1:31:22]} 3.Bb5 {[%clk 1:31:43]} a6 {[%clk 1:31:47]}
4.Bxc6 {[%clk 1:32:10]} dxc6 {[%clk 1:32:12]} 5.O-O {[%clk 1:32:36]}
Bg4 {[%clk 1:32:37]} 6.h3 {[%clk 1:32:59]} h5 {[%clk 1:33:01]}
7.d3 {[%clk 1:30:55]} Qf6 {[%clk 1:33:25]} 8.Be3 {[%clk 1:26:41]}
Bxf3 {[%clk 1:33:01]} 9.Qxf3 {[%clk 1:27:05]} Qxf3 {[%clk 1:33:28]}
10.gxf3 {[%clk 1:27:30]} Bd6 {[%clk 1:33:24]} 11.c3 {[%clk 1:25:18]}
c5 {[%clk 1:31:18]} 12.Nd2 {[%clk 1:23:58]} Ne7 {[%clk 1:30:57]}
13.Rfd1 {[%clk 1:19:03]} O-O-O {[%clk 1:25:18]} 14.a3 {[%clk 1:15:47]}
g5 {[%clk 1:24:31]} 15.b4 {[%clk 1:14:23]} cxb4 {[%clk 1:24:12]}
16.axb4 {[%clk 1:14:08]} Rdg8 {[%clk 1:22:58]} 17.Nc4 {[%clk 1:12:11]}
g4 {[%clk 1:17:43]} 18.fxg4 {[%clk 1:12:29]} hxg4 {[%clk 1:18:05]}
19.hxg4 {[%clk 1:12:56]} Rxg4+ {[%clk 1:18:21]} 20.Kf1 {[%clk 1:13:23]}
f5 {[%clk 1:13:31]} 21.exf5 {[%clk 1:09:39]} Nxf5 {[%clk 1:13:45]}
22.Ke2 {[%clk 1:09:48]} Rhg8 {[%clk 1:06:15]} 23.Bd2 {[%clk 1:03:30]}
e4 {[%clk 1:00:24]} 24.dxe4 {[%clk 1:00:07]} Rxe4+ {[%clk 1:00:46]}
25.Ne3 {[%clk 1:00:32]} Rge8 {[%clk 0:53:14]} 26.Kd3 {[%clk 0:59:47]}
Nh4 {[%clk 0:50:29]} 27.Nd5 {[%clk 0:57:23]} R4e5 {[%clk 0:49:03]}
28.c4 {[%clk 0:56:10]} Nf3 {[%clk 0:45:54]} 29.b5 {[%clk 0:46:56]}
c6 {[%clk 0:38:50]} 30.bxc6 {[%clk 0:46:55]} bxc6 {[%clk 0:39:09]}
31.Rxa6 {[%clk 0:45:22]} cxd5 {[%clk 0:26:09]} 32.Rxd6 {[%clk 0:45:46]}
dxc4+ {[%clk 0:25:31]} 33.Kxc4 {[%clk 0:45:53]} Re4+ {[%clk 0:24:09]}
34.Kd3 {[%clk 0:43:23]} Kc7 {[%clk 0:23:36]} 35.Rf6 {[%clk 0:43:00]}
Rd4+ {[%clk 0:17:44]} 36.Kc3 {[%clk 0:43:00]} Rxd2 {[%clk 0:15:00]}
37.Rxd2 {[%clk 0:43:27]} Nxd2 {[%clk 0:15:26]} 38.Kxd2 {[%clk 0:43:52]}
Kd7 {[%clk 0:15:51]} 39.Kd3 {[%clk 0:44:02]} Ke7 {[%clk 0:14:40]}
40.Rf4 {[%clk 1:14:10]} Ra8 {[%clk 0:44:44]} 41.Ke4 {[%clk 1:13:27]}
Ra5 {[%clk 0:44:40]} 42.Rf5 {[%clk 1:12:37]} Ra4+ {[%clk 0:45:03]}
43.Kf3 {[%clk 1:12:02]} Rb4 {[%clk 0:43:36]} 44.Rf4 {[%clk 1:12:22]}
Rb1 {[%clk 0:43:02]} 45.Kg4 {[%clk 1:12:09]} Ke6 {[%clk 0:39:05]}
46.Kg5 {[%clk 1:12:17]} Rg1+ {[%clk 0:39:16]} 47.Rg4 {[%clk 1:12:42]}
Rf1 {[%clk 0:39:26]} 48.Re4+ {[%clk 1:12:01]} Kf7 {[%clk 0:39:50]}
49.f4 {[%clk 1:12:08]} Ra1 {[%clk 0:38:47]} 50.Re5 {[%clk 1:12:31]}
Ra6 {[%clk 0:38:29]} 51.Rf5+ {[%clk 1:10:46]} Kg7 {[%clk 0:37:56]}
52.Rd5 {[%clk 1:09:07]} Kf7 {[%clk 0:35:53]} 53.Rd7+ {[%clk 1:09:20]}
Kf8 {[%clk 0:36:17]} 54.f5 {[%clk 1:08:52]} Rb6 {[%clk 0:36:37]}
55.Ra7 {[%clk 1:04:24]} Rc6 {[%clk 0:36:25]} 56.Ra5 {[%clk 1:03:19]}
Rb6 {[%clk 0:35:54]} 57.f6 {[%clk 1:03:24]} Rb1 {[%clk 0:36:07]}
58.Ra8+ {[%clk 1:03:50]} Kf7 {[%clk 0:36:29]} 59.Ra7+ {[%clk 1:04:07]}
Kf8 {[%clk 0:36:58]} 60.Ra8+ {[%clk 1:04:30]} 1/2-1/2

[Event "Russian Women's Higher League 2021"]
[Site "?"]
[Date "2021.06.29"]
[Round "4.22"]
[White "Izbekova, Evdokia"]
[Black "Filippova, Margarita"]
[Result "1-0"]
[WhiteElo "1757"]
[BlackElo "2075"]
[Annotator ""]
[Source ""]
[Remark ""]

1.e4 {[%clk 1:30:59]} g6 {[%clk 1:30:56]} 2.d4 {[%clk 1:31:15]}
Bg7 {[%clk 1:31:21]} 3.Bc4 {[%clk 1:30:45]} e6 {[%clk 1:29:10]}
4.Nf3 {[%clk 1:29:49]} d6 {[%clk 1:27:58]} 5.Nc3 {[%clk 1:27:48]}
Ne7 {[%clk 1:27:36]} 6.O-O {[%clk 1:27:31]} a6 {[%clk 1:26:19]}
7.a4 {[%clk 1:27:11]} Nd7 {[%clk 1:23:22]} 8.Bf4 {[%clk 1:17:14]}
O-O {[%clk 1:16:20]} 9.Qd2 {[%clk 1:15:35]} e5 {[%clk 1:13:07]}
10.dxe5 {[%clk 1:13:13]} Nxe5 {[%clk 1:12:28]} 11.Nxe5 {[%clk 1:13:19]}
Bxe5 {[%clk 1:07:25]} 12.Bh6 {[%clk 1:09:17]} Bg7 {[%clk 1:05:16]}
13.Rad1 {[%clk 1:06:14]} Nc6 {[%clk 1:04:38]} 14.Bxg7 {[%clk 1:05:30]}
Kxg7 {[%clk 1:05:03]} 15.f4 {[%clk 1:05:14]} f6 {[%clk 1:00:11]}
16.h3 {[%clk 0:59:54]} Rb8 {[%clk 0:58:44]} 17.Ne2 {[%clk 0:56:44]}
Qe7 {[%clk 0:55:36]} 18.Bd5 {[%clk 0:55:19]} Be6 {[%clk 0:53:32]}
19.Rde1 {[%clk 0:46:14]} Rbe8 {[%clk 0:49:13]} 20.b4 {[%clk 0:42:44]}
Bd7 {[%clk 0:46:23]} 21.b5 {[%clk 0:37:17]} axb5 {[%clk 0:46:42]}
22.axb5 {[%clk 0:37:43]} Nd8 {[%clk 0:46:46]} 23.Nd4 {[%clk 0:37:11]}
c6 {[%clk 0:45:23]} 24.bxc6 {[%clk 0:36:58]} bxc6 {[%clk 0:45:49]}
25.Bb3 {[%clk 0:36:35]} Nb7 {[%clk 0:45:35]} 26.Nf3 {[%clk 0:33:54]}
Nc5 {[%clk 0:43:20]} 27.e5 {[%clk 0:33:26]} fxe5 {[%clk 0:42:36]}
28.fxe5 {[%clk 0:33:09]} d5 {[%clk 0:42:52]} 29.Qc3 {[%clk 0:29:26]}
Ne6 {[%clk 0:40:16]} 30.Nd4 {[%clk 0:26:47]} Rxf1+ {[%clk 0:40:00]}
31.Kxf1 {[%clk 0:27:01]} c5 {[%clk 0:37:42]} 32.Nxe6+ {[%clk 0:26:28]}
Bxe6 {[%clk 0:38:05]} 33.Kg1 {[%clk 0:25:08]} c4 {[%clk 0:38:06]}
34.Ba2 {[%clk 0:24:13]} Ra8 {[%clk 0:35:19]} 35.Bb1 {[%clk 0:24:26]}
Qc5+ {[%clk 0:34:45]} 36.Kh2 {[%clk 0:22:52]} Rf8 {[%clk 0:32:44]}
37.Qg3 {[%clk 0:18:53]} Qf2 {[%clk 0:28:47]} 38.c3 {[%clk 0:16:14]}
Qxg3+ {[%clk 0:28:09]} 39.Kxg3 {[%clk 0:16:42]} Ra8 {[%clk 0:28:08]}
40.Kf4 {[%clk 0:45:22]} Ra1 {[%clk 0:53:05]} 41.g4 {[%clk 0:40:27]}
d4 {[%clk 0:52:10]} 42.cxd4 {[%clk 0:38:46]} c3 {[%clk 0:52:35]}
43.Rd1 {[%clk 0:39:13]} Ba2 {[%clk 0:41:08]} 44.Bc2 {[%clk 0:38:43]}
Rxd1 {[%clk 0:39:44]} 45.Bxd1 {[%clk 0:39:11]} Bb1 {[%clk 0:40:09]}
46.d5 {[%clk 0:38:38]} c2 {[%clk 0:40:33]} 47.Bxc2 {[%clk 0:39:06]}
Bxc2 {[%clk 0:40:59]} 48.e6 {[%clk 0:37:47]} Kf6 {[%clk 0:33:28]}
49.g5+ {[%clk 0:38:04]} Ke7 {[%clk 0:33:52]} 50.Ke5 {[%clk 0:38:26]}
Ba4 {[%clk 0:33:54]} 51.d6+ {[%clk 0:38:46]} Ke8 {[%clk 0:34:17]}
52.Kf6 {[%clk 0:39:04]} Bb3 {[%clk 0:29:43]} 53.h4 {[%clk 0:38:32]}
Bc4 {[%clk 0:29:38]} 54.e7 {[%clk 0:38:01]} Bd3 {[%clk 0:25:20]}
55.d7+ {[%clk 0:38:02]} Kxd7 {[%clk 0:25:45]} 56.Kf7 {[%clk 0:38:29]} 1-0

[Event "Russian Women's Higher League 2021"]
[Site "?"]
[Date "2021.06.29"]
[Round "4.23"]
[White "Miroshnik, Ekaterina"]
[Black "Kostornichenko, Yana"]
[Result "0-1"]
[WhiteElo "2234"]
[BlackElo "1773"]
[Annotator ""]
[Source ""]
[Remark ""]

1.d4 {[%clk 1:30:58]} Nf6 {[%clk 1:30:53]} 2.Nf3 {[%clk 1:30:47]}
e6 {[%clk 1:31:15]} 3.e3 {[%clk 1:31:13]} b6 {[%clk 1:31:40]}
4.Bd3 {[%clk 1:31:04]} Bb7 {[%clk 1:32:00]} 5.O-O {[%clk 1:31:25]}
c5 {[%clk 1:31:44]} 6.b3 {[%clk 1:29:10]} Nc6 {[%clk 1:31:37]}
7.Bb2 {[%clk 1:25:30]} Be7 {[%clk 1:22:04]} 8.Nbd2 {[%clk 1:20:40]}
O-O {[%clk 1:18:09]} 9.c4 {[%clk 1:17:14]} d5 {[%clk 1:17:39]}
10.Rc1 {[%clk 1:13:02]} Rc8 {[%clk 1:07:12]} 11.dxc5 {[%clk 1:10:24]}
Bxc5 {[%clk 1:04:20]} 12.Qe2 {[%clk 0:43:24]} Qe7 {[%clk 1:01:07]}
13.Rcd1 {[%clk 0:38:16]} Rfd8 14.Ne5 {[%clk 0:38:43]} Nxe5 {[%clk 0:52:08]}
15.Bxe5 {[%clk 0:37:32]} Bd6 {[%clk 0:50:56]} 16.Ba1 Ne4 {[%clk 0:42:10]}
17.Nf3 {[%clk 0:25:25]} Nc5 18.cxd5 Nxd3 {[%clk 0:39:16]} 19.Qxd3
{[%clk 0:16:02]} Bxd5 {[%clk 0:38:54]} 20.e4 {[%clk 0:14:09]}
Bb7 {[%clk 0:37:48]} 21.Qe2 e5 {[%clk 0:31:25]} 22.Rd2 {[%clk 0:11:32]}
f6 {[%clk 0:24:03]} 23.h4 Bc5 24.Rdd1 {[%clk 0:03:11]} Qf7 {[%clk 0:24:07]}
25.Nd2 Rd7 {[%clk 0:22:24]} 26.Nc4 {[%clk 0:01:08]} Rcd8 {[%clk 0:22:08]}
27.Rxd7 {[%clk 0:01:12]} Qxd7 28.Re1 {[%clk 0:00:46]} Qd3 {[%clk 0:16:48]}
29.Bb2 Qxe2 {[%clk 0:16:07]} 30.Rxe2 {[%clk 0:01:15]} Rd1+ {[%clk 0:16:27]}
31.Kh2 {[%clk 0:01:42]} Ba6 {[%clk 0:15:26]} 32.f3 {[%clk 0:01:03]}
Kf7 {[%clk 0:14:58]} 33.Kg3 {[%clk 0:00:45]} Ke6 {[%clk 0:13:24]}
34.Rc2 {[%clk 0:00:41]} Bxc4 {[%clk 0:11:54]} 35.bxc4 {[%clk 0:01:07]}
h5 {[%clk 0:11:45]} 36.Re2 {[%clk 0:01:01]} Kd6 {[%clk 0:11:22]}
37.Kh2 {[%clk 0:01:03]} Kc6 {[%clk 0:10:23]} 38.Kg3 {[%clk 0:00:51]}
g6 {[%clk 0:07:50]} 39.Kh2 {[%clk 0:00:57]} Bb4 {[%clk 0:05:47]}
40.f4 {[%clk 0:30:38]} exf4 {[%clk 0:34:47]} 41.Bxf6 {[%clk 0:22:18]}
Be1 {[%clk 0:33:33]} 42.g3 {[%clk 0:20:38]} Bxg3+ {[%clk 0:26:57]}
43.Kg2 {[%clk 0:20:54]} Kd6 {[%clk 0:26:10]} 44.Rc2 {[%clk 0:16:31]}
Ke6 {[%clk 0:23:44]} 45.Bg5 {[%clk 0:16:17]} Ke5 {[%clk 0:23:31]}
46.c5 {[%clk 0:16:33]} bxc5 {[%clk 0:23:24]} 47.Rxc5+ {[%clk 0:16:58]}
Kxe4 {[%clk 0:23:47]} 48.Rc4+ {[%clk 0:15:28]} Kf5 {[%clk 0:23:56]}
49.a4 {[%clk 0:14:35]} Rd2+ {[%clk 0:22:12]} 50.Kf1 {[%clk 0:14:42]}
Ra2 {[%clk 0:21:49]} 51.Bd8 {[%clk 0:14:20]} f3 {[%clk 0:21:49]}
52.Rc5+ {[%clk 0:14:46]} Kg4 {[%clk 0:21:50]} 53.Rxh5 gxh5 0-1

[Event "Russian Women's Higher League 2021"]
[Site "?"]
[Date "2021.06.29"]
[Round "4.24"]
[White "Nikolaeva, Nadezhda"]
[Black "Kuznetsova, Marina"]
[Result "0-1"]
[WhiteElo "1839"]
[BlackElo "1964"]
[Annotator ""]
[Source ""]
[Remark ""]

1.d4 {[%clk 1:30:57]} Nf6 {[%clk 1:30:56]} 2.c4 {[%clk 1:31:23]}
e6 {[%clk 1:31:22]} 3.Nf3 {[%clk 1:31:47]} Bb4+ {[%clk 1:31:47]}
4.Bd2 {[%clk 1:32:10]} a5 {[%clk 1:32:12]} 5.g3 {[%clk 1:32:32]}
b6 {[%clk 1:32:36]} 6.Bg2 {[%clk 1:32:52]} Bb7 {[%clk 1:33:00]}
7.O-O {[%clk 1:33:14]} O-O {[%clk 1:33:18]} 8.Bf4 {[%clk 1:32:58]}
Be7 {[%clk 1:33:14]} 9.Nc3 {[%clk 1:33:11]} Ne4 {[%clk 1:29:23]}
10.Qc2 {[%clk 1:32:44]} Nxc3 {[%clk 1:25:23]} 11.Qxc3 {[%clk 1:32:58]}
d6 {[%clk 1:24:53]} 12.Rfd1 {[%clk 1:32:52]} Nd7 {[%clk 1:24:32]}
13.Rac1 {[%clk 1:30:06]} Qc8 {[%clk 1:15:48]} 14.a3 {[%clk 1:19:38]}
a4 {[%clk 1:13:44]} 15.Qc2 {[%clk 1:16:03]} f5 {[%clk 1:10:37]}
16.h4 {[%clk 0:58:57]} Nf6 {[%clk 1:00:42]} 17.Bg5 {[%clk 0:52:57]}
Be4 {[%clk 0:53:13]} 18.Qd2 {[%clk 0:49:30]} Ra5 {[%clk 0:52:15]}
19.Qb4 {[%clk 0:41:37]} Qa8 {[%clk 0:44:29]} 20.Ne1 {[%clk 0:35:38]}
c5 {[%clk 0:29:07]} 21.Qd2 {[%clk 0:30:36]} Bxg2 {[%clk 0:26:37]}
22.Bxf6 {[%clk 0:29:04]} Bxf6 {[%clk 0:25:46]} 23.Nxg2 {[%clk 0:29:29]}
cxd4 {[%clk 0:25:25]} 24.Nf4 {[%clk 0:28:43]} Qe4 {[%clk 0:16:41]}
25.Qb4 {[%clk 0:22:27]} Be7 {[%clk 0:06:03]} 26.Qxb6 {[%clk 0:19:11]}
Rc5 {[%clk 0:06:10]} 27.Qa7 {[%clk 0:19:05]} Bxh4 {[%clk 0:05:17]}
28.Qd7 {[%clk 0:17:27]} Re5 {[%clk 0:03:45]} 29.Nd3 {[%clk 0:13:26]}
Bxg3 {[%clk 0:02:06]} 30.fxg3 {[%clk 0:09:30]} Qe3+ {[%clk 0:02:29]}
31.Nf2 {[%clk 0:06:33]} f4 {[%clk 0:01:34]} 32.g4 {[%clk 0:05:21]}
Qg3+ {[%clk 0:01:34]} 33.Kf1 {[%clk 0:04:56]} f3 {[%clk 0:01:58]}
34.exf3 {[%clk 0:04:45]} Qxf3 {[%clk 0:02:15]} 35.Kg1 {[%clk 0:04:45]}
Qxf2+ {[%clk 0:02:38]} 36.Kh1 {[%clk 0:05:00]} Qh4+ {[%clk 0:03:02]} 0-1

[Event "Russian Women's Higher League 2021"]
[Site "?"]
[Date "2021.06.29"]
[Round "4.25"]
[White "Plekhanova, Ekaterina"]
[Black "Khmeleva, Anna"]
[Result "1-0"]
[WhiteElo "1858"]
[BlackElo "1640"]
[Annotator ""]
[Source ""]
[Remark ""]

1.e4 {[%clk 1:30:56]} d6 {[%clk 1:28:39]} 2.d4 {[%clk 1:31:18]}
Nf6 {[%clk 1:29:04]} 3.Bd3 {[%clk 1:31:09]} g6 {[%clk 1:29:27]}
4.Nf3 {[%clk 1:31:28]} Bg7 {[%clk 1:29:51]} 5.Nc3 {[%clk 1:30:51]}
O-O {[%clk 1:30:03]} 6.O-O {[%clk 1:30:43]} c5 {[%clk 1:29:33]}
7.Ne2 {[%clk 1:27:32]} cxd4 {[%clk 1:28:54]} 8.Nfxd4 {[%clk 1:24:44]}
Nc6 {[%clk 1:29:02]} 9.c3 {[%clk 1:24:48]} Nd7 {[%clk 1:28:49]}
10.Bc2 {[%clk 1:18:48]} a5 {[%clk 1:23:53]} 11.a4 {[%clk 1:14:54]}
Nc5 {[%clk 1:23:35]} 12.Be3 {[%clk 1:12:57]} Ne6 {[%clk 1:19:06]}
13.f4 {[%clk 1:09:05]} Nexd4 {[%clk 1:17:02]} 14.Nxd4 {[%clk 1:09:22]}
e6 {[%clk 1:08:56]} 15.Nb5 {[%clk 1:09:10]} d5 {[%clk 1:08:42]}
16.Bc5 {[%clk 1:06:47]} Ne7 {[%clk 1:07:10]} 17.exd5 {[%clk 0:51:03]}
Nxd5 {[%clk 1:02:45]} 18.Bxf8 {[%clk 0:49:35]} Qxf8 {[%clk 1:02:38]}
19.Qf3 {[%clk 0:48:43]} Bd7 {[%clk 1:02:43]} 20.Qf2 {[%clk 0:47:07]}
Bh6 {[%clk 0:56:38]} 21.g3 {[%clk 0:47:09]} e5 {[%clk 0:55:16]}
22.Be4 {[%clk 0:44:47]} Nf6 {[%clk 0:55:13]} 23.Bxb7 {[%clk 0:44:50]}
Rb8 {[%clk 0:55:18]} 24.Bg2 {[%clk 0:33:30]} Ng4 {[%clk 0:49:28]}
25.Qa7 {[%clk 0:33:18]} Bxb5 {[%clk 0:49:09]} 26.axb5 {[%clk 0:33:42]}
exf4 {[%clk 0:48:45]} 27.gxf4 {[%clk 0:33:04]} Rxb5 {[%clk 0:49:08]}
28.h3 {[%clk 0:29:45]} Nf6 {[%clk 0:48:35]} 29.Rxa5 {[%clk 0:21:32]}
Rxb2 {[%clk 0:47:57]} 30.Qd4 {[%clk 0:19:56]} Nh5 {[%clk 0:47:24]}
31.c4 {[%clk 0:17:51]} Qb8 {[%clk 0:43:28]} 32.Rd5 {[%clk 0:17:17]}
Bf8 {[%clk 0:42:56]} 33.Rd8 {[%clk 0:17:12]} Qb3 {[%clk 0:42:04]}
34.Rxf8+ {[%clk 0:14:41]} Kxf8 {[%clk 0:42:23]} 35.Qh8+ {[%clk 0:15:06]}
Ke7 {[%clk 0:42:45]} 36.Re1+ {[%clk 0:15:28]} Kd6 {[%clk 0:42:16]}
37.Qe5+ {[%clk 0:15:34]} Kd7 {[%clk 0:42:25]} 38.Qd5+ {[%clk 0:15:58]}
Kc7 {[%clk 0:42:16]} 39.Qc6+ {[%clk 0:16:19]} 1-0

[Event "Russian Women's Higher League 2021"]
[Site "?"]
[Date "2021.06.30"]
[Round "5.1"]
[White "Bivol, Alina"]
[Black "Guseva, Marina"]
[Result "1/2-1/2"]
[WhiteElo "2374"]
[BlackElo "2386"]
[Annotator ""]
[Source ""]
[Remark ""]

1.e4 {[%clk 1:28:30]} c6 {[%clk 1:29:52]} 2.Nf3 {[%clk 1:25:58]}
d5 {[%clk 1:30:16]} 3.d3 {[%clk 1:26:05]} Bg4 {[%clk 1:30:42]}
4.h3 {[%clk 1:26:19]} Bxf3 {[%clk 1:31:07]} 5.Qxf3 {[%clk 1:26:44]}
e6 {[%clk 1:31:33]} 6.g3 {[%clk 1:27:02]} Nd7 {[%clk 1:31:49]}
7.Bg2 {[%clk 1:26:57]} Bd6 {[%clk 1:32:14]} 8.O-O {[%clk 1:23:48]}
Ne7 {[%clk 1:32:41]} 9.Nc3 {[%clk 1:21:47]} O-O {[%clk 1:25:11]}
10.Qe2 {[%clk 1:15:22]} Kh8 {[%clk 1:12:04]} 11.exd5 {[%clk 1:09:53]}
exd5 {[%clk 1:07:40]} 12.Bg5 {[%clk 1:03:12]} h6 {[%clk 1:03:31]}
13.Bxe7 {[%clk 0:53:11]} Qxe7 {[%clk 1:03:54]} 14.Rae1 {[%clk 0:52:13]}
Qxe2 {[%clk 1:04:19]} 15.Rxe2 {[%clk 0:51:34]} Nf6 {[%clk 1:02:21]}
16.Rfe1 {[%clk 0:48:40]} Rfe8 {[%clk 1:01:49]} 17.Rxe8+ {[%clk 0:48:08]}
Rxe8 {[%clk 1:02:15]} 18.Rxe8+ {[%clk 0:47:31]} Nxe8 {[%clk 1:02:42]}
19.Kf1 {[%clk 0:47:53]} Kg8 {[%clk 1:02:43]} 20.Ke2 {[%clk 0:47:55]}
Kf8 {[%clk 1:03:08]} 21.d4 {[%clk 0:46:58]} Ke7 {[%clk 1:02:15]}
22.Kd2 {[%clk 0:47:18]} Kd7 {[%clk 1:02:41]} 23.Ke2 {[%clk 0:47:44]}
Ke7 {[%clk 1:03:09]} 24.Kd2 {[%clk 0:48:09]} Kd7 {[%clk 1:03:36]}
25.Ke2 {[%clk 0:48:31]} 1/2-1/2

[Event "Russian Women's Higher League 2021"]
[Site "?"]
[Date "2021.06.30"]
[Round "5.2"]
[White "Voit, Daria"]
[Black "Zherebtsova, Alexandra"]
[Result "1-0"]
[WhiteElo "2354"]
[BlackElo "2155"]
[Annotator ""]
[Source ""]
[Remark ""]

1.d4 {[%clk 1:30:57]} Nf6 {[%clk 1:30:49]} 2.c4 {[%clk 1:31:09]}
c6 {[%clk 1:31:05]} 3.Nc3 {[%clk 1:31:26]} d5 {[%clk 1:31:30]}
4.e3 {[%clk 1:31:51]} e6 {[%clk 1:31:39]} 5.Nf3 {[%clk 1:32:18]}
Nbd7 {[%clk 1:31:46]} 6.Qc2 {[%clk 1:32:44]} Bd6 {[%clk 1:31:41]}
7.Bd3 {[%clk 1:33:10]} O-O {[%clk 1:31:37]} 8.O-O {[%clk 1:33:35]}
dxc4 {[%clk 1:31:36]} 9.Bxc4 {[%clk 1:34:02]} e5 {[%clk 1:31:14]}
10.Bb3 {[%clk 1:25:03]} Qe7 {[%clk 1:11:28]} 11.h3 {[%clk 1:16:59]}
c5 {[%clk 0:52:23]} 12.Rd1 {[%clk 0:42:14]} a6 {[%clk 0:36:01]}
13.Ng5 {[%clk 0:31:01]} exd4 {[%clk 0:16:33]} 14.exd4 {[%clk 0:31:10]}
cxd4 {[%clk 0:12:16]} 15.Nd5 {[%clk 0:29:52]} Qe8 {[%clk 0:11:10]}
16.Bd2 {[%clk 0:04:39]} h6 {[%clk 0:07:25]} 17.Re1 {[%clk 0:05:05]}
Qd8 {[%clk 0:07:12]} 18.Nxf6+ {[%clk 0:05:09]} Nxf6 {[%clk 0:07:30]}
19.Nxf7 {[%clk 0:04:34]} Rxf7 {[%clk 0:07:33]} 20.Qg6 {[%clk 0:04:51]}
Qf8 {[%clk 0:06:05]} 21.Bxh6 {[%clk 0:05:12]} Bd7 {[%clk 0:05:59]}
22.Rad1 {[%clk 0:04:26]} Rd8 {[%clk 0:03:59]} 23.Rxd4 {[%clk 0:04:07]}
Bc6 {[%clk 0:03:16]} 24.Red1 {[%clk 0:01:55]} Nd5 {[%clk 0:02:54]}
25.Rxd5 {[%clk 0:01:29]} Bxd5 {[%clk 0:02:56]} 26.Rxd5 {[%clk 0:01:53]}
Bc7 {[%clk 0:00:45]} 27.Rxd8 {[%clk 0:01:17]} Bxd8 {[%clk 0:01:07]}
28.Bxg7 {[%clk 0:01:11]} Qxg7 {[%clk 0:01:13]} 29.Bxf7+ {[%clk 0:01:38]}
Kf8 {[%clk 0:01:35]} 30.Qxg7+ {[%clk 0:01:52]} Kxg7 {[%clk 0:02:04]}
31.Bd5 {[%clk 0:02:13]} b6 {[%clk 0:02:31]} 32.g3 {[%clk 0:02:37]}
Kf6 {[%clk 0:02:57]} 33.f4 {[%clk 0:03:03]} Be7 {[%clk 0:03:20]}
34.Kg2 {[%clk 0:03:31]} Bc5 {[%clk 0:03:46]} 35.Kf3 {[%clk 0:03:55]}
Bd4 {[%clk 0:04:11]} 36.b3 {[%clk 0:04:24]} a5 {[%clk 0:04:38]}
37.g4 {[%clk 0:04:48]} 1-0

[Event "Russian Women's Higher League 2021"]
[Site "?"]
[Date "2021.06.30"]
[Round "5.3"]
[White "Chernyak, Viktoria"]
[Black "Charochkina, Daria"]
[Result "0-1"]
[WhiteElo "2315"]
[BlackElo "2333"]
[Annotator ""]
[Source ""]
[Remark ""]

1.d4 {[%clk 1:30:59]} d6 {[%clk 1:30:49]} 2.g3 {[%clk 1:28:27]}
Nf6 {[%clk 1:29:00]} 3.Bg2 {[%clk 1:28:46]} g6 {[%clk 1:29:04]}
4.e4 {[%clk 1:26:59]} Bg7 {[%clk 1:28:17]} 5.Ne2 {[%clk 1:26:02]}
O-O {[%clk 1:28:06]} 6.O-O {[%clk 1:26:11]} e5 {[%clk 1:27:26]}
7.c3 {[%clk 1:16:36]} Re8 {[%clk 1:20:30]} 8.Nd2 {[%clk 1:13:33]}
exd4 {[%clk 1:17:17]} 9.cxd4 {[%clk 1:12:13]} Nc6 {[%clk 1:02:02]}
10.h3 {[%clk 1:09:29]} a5 {[%clk 0:59:44]} 11.b3 {[%clk 1:06:04]}
a4 {[%clk 0:30:36]} 12.bxa4 {[%clk 1:04:02]} Nd7 {[%clk 0:30:32]}
13.Nc4 {[%clk 1:00:07]} Nc5 {[%clk 0:29:19]} 14.e5 {[%clk 0:45:40]}
Nxa4 {[%clk 0:29:29]} 15.f4 {[%clk 0:42:47]} Bd7 {[%clk 0:25:04]}
16.Kh2 {[%clk 0:41:19]} b5 {[%clk 0:22:17]} 17.Na3 {[%clk 0:35:21]}
Rb8 {[%clk 0:21:31]} 18.Bd2 {[%clk 0:29:00]} Ne7 {[%clk 0:19:20]}
19.Rc1 {[%clk 0:27:11]} Nb2 {[%clk 0:19:26]} 20.Qc2 {[%clk 0:19:33]}
Nc4 {[%clk 0:19:54]} 21.Nxc4 {[%clk 0:17:07]} bxc4 {[%clk 0:20:23]}
22.g4 {[%clk 0:16:52]} c5 {[%clk 0:18:02]} 23.Bc3 {[%clk 0:14:06]}
cxd4 {[%clk 0:17:24]} 24.Bxd4 {[%clk 0:14:18]} Nc6 {[%clk 0:17:32]}
25.Ba1 {[%clk 0:12:43]} Nb4 {[%clk 0:10:30]} 26.Qxc4 {[%clk 0:12:05]}
Bb5 {[%clk 0:10:59]} 27.Qe4 {[%clk 0:11:35]} dxe5 {[%clk 0:08:38]}
28.fxe5 {[%clk 0:11:35]} Qd2 {[%clk 0:09:07]} 29.Ng3 {[%clk 0:03:01]}
Bxf1 {[%clk 0:08:19]} 30.Rxf1 {[%clk 0:03:29]} Qxa2 {[%clk 0:07:34]}
31.Bc3 {[%clk 0:03:54]} Qb3 {[%clk 0:07:01]} 32.Rf3 {[%clk 0:04:12]}
Nd5 {[%clk 0:06:32]} 33.Ba1 {[%clk 0:03:57]} Qb5 {[%clk 0:06:11]}
34.Rf1 {[%clk 0:02:35]} Nc7 {[%clk 0:05:44]} 35.Qf4 {[%clk 0:02:02]}
Re7 {[%clk 0:05:53]} 36.Rc1 {[%clk 0:02:20]} Ne6 {[%clk 0:06:04]}
37.Qe3 {[%clk 0:02:29]} Rd8 {[%clk 0:05:05]} 38.Rc6 {[%clk 0:02:12]}
Red7 {[%clk 0:04:20]} 39.Bc3 {[%clk 0:01:50]} Rd3 {[%clk 0:03:41]}
40.Qe4 {[%clk 0:32:07]} Qb3 {[%clk 0:31:08]} 41.Ne2 {[%clk 0:30:45]}
Bh6 {[%clk 0:22:16]} 0-1

[Event "Russian Women's Higher League 2021"]
[Site "?"]
[Date "2021.06.30"]
[Round "5.4"]
[White "Gritsayeva, Oksana"]
[Black "Goltseva, Ekaterina"]
[Result "0-1"]
[WhiteElo "2332"]
[BlackElo "2272"]
[Annotator ""]
[Source ""]
[Remark ""]

1.d4 e6 2.c4 Nf6 3.g3 d5 4.Bg2 dxc4 5.Nf3 a6 6.O-O Nc6 7.Na3
Bxa3 8.bxa3 O-O 9.Bb2 Rb8 10.Qc2 b5 11.Rad1 Nd5 12.e4 Nb6 13.Rfe1
Ne7 14.h4 f6 15.Kh2 Qe8 16.Ng1 Na4 17.Bc1 Qg6 18.Nh3 e5 19.f4
Bg4 20.Rd2 Nc6 21.dxe5 fxe5 22.f5 Qh5 23.Rd5 Rbd8 24.Bg5 Nd4
25.Qc1 Rxd5 26.exd5 Rxf5 27.Be3 Nf3+ 28.Bxf3 Bxf3 29.Qd2 h6 30.d6
cxd6 31.Qxd6 Rf6 32.Qd8+ Rf8 33.Qd6 Ba8 34.Ng1 Qf5 35.Ba7 Qf7
36.Be3 Qb7 37.Kh3 h5 0-1